| 000 | 02010nam0a2200385 4500 | ||
|---|---|---|---|
| 001 | RU\NLR\BIBL_A\022707764 | ||
| 005 | 20260403163612.0 | ||
| 021 |
_aRU _bКН-П-25-073466 _9КН-П-25-7114 |
||
| 035 | _a(NLR Aleph) 022707764 | ||
| 090 |
_a13649850 _c13649850 |
||
| 100 | _a20260123d2025 k y0rusy50 ca | ||
| 101 | 0 |
_arus _aeng |
|
| 102 | _aRU | ||
| 105 | _aa z 000yy | ||
| 181 | 0 |
_ai3 _baxxe |
|
| 182 | 0 | _an | |
| 200 | 1 |
_aИсследование влияния размеров зерен на скорость растворения соляных пород в лабораторных условиях _fВ. А. Винников, Р. А. Старостин |
|
| 203 |
_aТекст _bвизуальный _cнепосредственный |
||
| 210 |
_aМосква _cГорная книга _d2025 |
||
| 215 |
_a15 с. _cил., табл. _d21 |
||
| 225 | 1 |
_aГорный информационно-аналитический бюллетень _e(научно-технический журнал) _v№ 10 _iCпециальный выпуск _v20 _x0236-1493 |
|
| 300 | _aНа 13-14-й с. авт.: В. А. Винников - д-р физ.-мат. наук, Р. А. Старостин | ||
| 300 | _aЧасть текста парал. рус., англ. | ||
| 320 | _aБиблиогр. в конце ст. | ||
| 606 | 1 |
_aЕстественные газы _xХранение подземное в соляных массивах _2nlr_sh2 _3RU\NLR\AUTH\66449962 |
|
| 606 | 1 |
_aКаменная соль _xРастворение _xСкорость _xЛабораторные исследования _2nlr_sh2 _3RU\NLR\AUTH\6601768694 |
|
| 686 | 1 | _aД344.47-4 | |
| 686 | 1 | _aД452.178-4 | |
| 686 | 1 | _aЛ54-309.54 | |
| 700 | 1 |
_aВинников _bВ. А. _gВладимир Александрович _3RU\NLR\AUTH\770257360 |
|
| 701 | 1 |
_aСтаростин _bР. А. _gРуслан Андреевич |
|
| 942 | _cBOOK | ||
| 980 | _aNB | ||